000 00549nam a2200181Ia 4500
999 _c21464
_d21464
003 OSt
005 20200708105052.0
008 190216s9999||||xx |||||||||||||| ||und||
020 _a9780415481663
040 _coclc
082 _a951
_bISL/S
100 _a Islamoglu, Huri
_93652
245 0 _aShared Histories Of Modernity :
_bChina, India and the Ottoman Empire /
_cHuri Islamoglu
260 _bRoutledge & Kegan Paul,
_c2009.
_aLondon:
300 _a332p
650 _aHistory
942 _cBK
_2ddc
_h951
_iISL/S
_k951
_mISL/S